Justin Bieber or... Justin Timberlake - Statistics

General Stats
  • This quiz has been taken 67 times
  • The average score is 11 of 15
Answer Stats
Question Answer % Correct
Is older? Justin Timberlake
100%
Is from Canada Justin Bieber
98%
Was discovered on YouTube Justin Bieber
97%
Played Branch from the DreamWorks movie Trolls Justin Timberlake
95%
Has a video on the Most Disliked Videos on YouTube Justin Bieber
92%
Was in *NSYNC Justin Timberlake
92%
Has been arrested for being drunk while driving (Includes DWI or DUI) Both
82%
Created the album 'Justified' as a solo artist Justin Timberlake
82%
His parents were both 18 at the time of his birth Justin Bieber
79%
His Elementary School was a French Catholic School Justin Bieber
74%
Preformed with Janet Jackson Justin Timberlake
61%
Abandoned his pet monkey in Germany Justin Bieber
54%
Made an appearence on the television show 'Star Search' as a child Justin Timberlake
52%
Nicknamed the Prince of Pop Justin Timberlake
41%
Was diagnosed with Lyme Disease Both
23%
No matching quizzes found
Score Distribution
Percent of People with Each Score
Percentile by Number Answered
Your Score History
You have not taken this quiz